UM Logo
Normal view MARC view
  • Uche, Chinyere O.

Entry Personal Name

Number of records used in: 1

001 - CONTROL NUMBER

  • control field: 40139

003 - CONTROL NUMBER IDENTIFIER

  • control field: OSt

005 - DATE AND TIME OF LATEST TRANSACTION

  • control field: 20191001182544.0

008 - FIXED-LENGTH DATA ELEMENTS

  • fixed length control field: 191001|| aca||aabn | a|a d

040 ## - CATALOGING SOURCE

  • Original cataloging agency: OSt

100 ## - HEADING--PERSONAL NAME

  • Personal name: Uche, Chinyere O.